<?xml version="1.0" encoding="UTF-8"?>
<collection xmlns="http://www.loc.gov/MARC21/slim">
 <record>
  <leader>00375pamaa2200133   4500</leader>
  <controlfield tag="001">0000016337</controlfield>
  <controlfield tag="005">20070322090000.0</controlfield>
  <datafield tag="020" ind1="0" ind2="0">
   <subfield code="a">1860350828 </subfield>
  </datafield>
  <datafield tag="090" ind1="0" ind2="0">
   <subfield code="a">TR145 </subfield>
   <subfield code="b">FRE 1996</subfield>
  </datafield>
  <datafield tag="100" ind1="1" ind2="0">
   <subfield code="a">FREEMAN </subfield>
  </datafield>
  <datafield tag="245" ind1="1" ind2="0">
   <subfield code="a">Practical photography : </subfield>
   <subfield code="b">how to get the best picture every time  </subfield>
   <subfield code="c">John Freeman.</subfield>
  </datafield>
  <datafield tag="260" ind1="0" ind2="0">
   <subfield code="a">London: </subfield>
   <subfield code="b">Ultimate Editions, </subfield>
   <subfield code="c">1996.</subfield>
  </datafield>
  <datafield tag="300" ind1=" " ind2=" ">
   <subfield code="a">256p.: </subfield>
   <subfield code="b">31cm.</subfield>
  </datafield>
  <datafield tag="650" ind1="0" ind2="0">
   <subfield code="a">Photography </subfield>
  </datafield>
 </record>
</collection>
